Southville International School and Colleges
Your cart is empty.
  • Cart
  • Lists
    Public lists Eva Luna New books Lux_list list_1
    Your lists Log in to create your own lists
  • Log in to your account
  • Your cookies
  • Search history
Southville International School and Colleges
  • Advanced search
  • Recent comments
  • Most popular
  • Libraries

Log in to your account

Log in with GOOGLE


If you do not have an external account, but do have a local account, you can still log in:

  1. Home
  2. MARC view: Elves and the shoemaker (The) /
Normal view MARC view ISBD view

Elves and the shoemaker (The) / (Record no. 111240)

[ view plain ]
MARC details
000 -LEADER
fixed length control field 00521nam a2200205 a 4500
001 - CONTROL NUMBER
control field 3319
005 - DATE AND TIME OF LATEST TRANSACTION
control field 20140414131911.0
008 - FIXED-LENGTH DATA ELEMENTS--GENERAL INFORMATION
fixed length control field 040117s19uu xx 00 eng d
020 ## - INTERNATIONAL STANDARD BOOK NUMBER
International Standard Book Number 0-7214-1546-6
050 ## - LIBRARY OF CONGRESS CALL NUMBER
Classification number ER
Item number El1 1993
100 ## - MAIN ENTRY--PERSONAL NAME
Personal name Stevenson, Peter
245 ## - TITLE STATEMENT
Title Elves and the shoemaker (The) /
Statement of responsibility, etc illustrated by Peter Stevenson.
260 ## - PUBLICATION, DISTRIBUTION, ETC. (IMPRINT)
Place of publication, distribution, etc U.K :
Name of publisher, distributor, etc Ladybird,
Date of publication, distribution, etc 1993.
300 ## - PHYSICAL DESCRIPTION
Extent p. ; cm.
440 ## - SERIES STATEMENT/ADDED ENTRY--TITLE
Title Favourite Tales
650 ## - SUBJECT ADDED ENTRY--TOPICAL TERM
Topical term or geographic name as entry element Folklore.
Holdings
Withdrawn status Lost status Damaged status Use restrictions Home library Current library Shelving location Date acquired Source of acquisition Total Checkouts Full call number Barcode Date last seen Price effective from Koha item type
        Munich Library Munich Library Easy Reading Section 01/17/2004     ER El1 1993 M1859 04/14/2014 04/14/2014 Books
        Munich Library Munich Library Easy Reading Section 01/17/2004     ER El1 1993 M1860 04/14/2014 04/14/2014 Books
        Munich Library Munich Library Easy Reading Section 06/02/2010     ER El1 1993 M1862 04/14/2014 04/14/2014 Books

Elves and the shoemaker (The) /

APA

Stevenson P., . (1993). Elves and the shoemaker (The). U.K: Ladybird.

Chicago

Stevenson Peter, . 1993. Elves and the shoemaker (The). U.K: Ladybird.

Harvard

Stevenson P., . (1993). Elves and the shoemaker (The). U.K: Ladybird.

MLA

Stevenson Peter, . Elves and the shoemaker (The). U.K: Ladybird. 1993.

  • Place hold
  • Print
  • Cite
  • Add to your cart (remove)
  • Save record
    BIBTEX Dublin Core MARCXML MARC (non-Unicode/MARC-8) MARC (Unicode/UTF-8) MARC (Unicode/UTF-8, Standard) MODS (XML) RIS
  • More searches
    Search for this title in:
    Other Libraries (WorldCat) Other Databases (Google Scholar) Online Stores (Bookfinder.com) Open Library (openlibrary.org)

Exporting to Dublin Core...

SOUTHVILLE LIBRARY

Southville International School and Colleges Library

1281 Tropical Ave. Cor. Luxembourg St., BF Homes International, Las Pinas City

Tel. No. 8256374 / 252358 Loc. 117/146

Powered by Koha